000 00657nam a2200229 i 4500
001 140916
003 ES-MaACL
005 20250815150255.0
007 t|
008 070918s1974 sp ||||1| spa d
020 _a84-206-2096-3
080 _a82.01
100 1 _aYllera, Alicia.
_9117643
245 1 0 _aEstilística, poética y semiótica /
_cAlicia Yllera.
260 _a[Madrid] :
_bAlianza,
_c[1974]
300 _a186 p. ;
_c20 cm.
490 1 _aAlianza universidad ;
_v86
650 7 _aEstética literaria
_2embne
_912544
830 0 _aAlianza universidad ;
_v86
_9177276
852 _aES-MaACL
_jE-10023
_bR.94420
999 _c140916
_d140916